Lenguaje y comunicación 3º Básico: texto para el estudiante

Saved in:
Bibliografiske detaljer
Main Authors: Valdivieso Lacassie, Francisca (Author), Fuenzalida Neckelmann, Paula (Author)
Format: Bog
Sprog:spansk
Udgivet: Santiago Mare Nostrum 2004
Udgivelse:2a. ed
Fag:
Tags: Tilføj Tag
Ingen Tags, Vær først til at tagge denne postø!

MARC

LEADER 00000nam a2200000 a 4500
001 UCK7876
003 CL-VaPUC
008 051230e20040000CL |||||||||||||||||spa|d
020 |a 9562940500 
082 0 4 |a 372.6  |b VAL  |2 21 
100 0 |a Valdivieso Lacassie, Francisca  |e author  |9 497560 
700 0 |a Fuenzalida Neckelmann, Paula  |e author  |9 497561 
245 1 0 |a Lenguaje y comunicación 3º Básico: texto para el estudiante 
250 |a 2a. ed 
300 |a 156 p 
942 |c BK 
945 |d 20051230 00:00:00  |a cmena 
260 |a Santiago  |b Mare Nostrum  |c 2004 
650 0 |a Educación básica   |9 224933 
650 0 |a Educación lingüística  |9 306506 
650 0 |a Métodos de enseñanza  |9 270413 
650 0 |a Libros de texto  |9 270019 
650 0 |a Enseñanza de la lectura  |9 308364 
650 0 |a Enseñanza de la escritura  |9 307377 
583 |a last modification  |c 20170816 01:10:11  |k Rodrigo Vera 
999 |c 315714  |d 315712 
952 |0 0  |1 0  |4 0  |6 372_600000000000000_VAL_2004  |7 0  |8 P  |9 389346  |a BIBEDU  |b BIBEDU  |d 2019-11-22  |i 4195167  |o 372.6 VAL 2004  |p 4195167  |r 2019-11-22  |w 2019-11-22  |y BK  |k EBA 
952 |0 0  |1 0  |4 0  |6 372_600000000000000_VAL_2004  |7 0  |8 P  |9 389347  |a BIBEDU  |b BIBEDU  |c BIBEDU_PB  |d 2019-11-22  |i 4206762  |o 372.6 VAL 2004  |p 4206762  |r 2024-01-25  |w 2019-11-22  |y BK  |k EBA 
952 |0 0  |1 0  |4 0  |6 372_600000000000000_VAL_2004  |7 0  |8 P  |9 389348  |a BIBEDU  |b BIBEDU  |c BIBEDU_PB  |d 2019-11-22  |i 4206754  |o 372.6 VAL 2004  |p 4206754  |r 2024-01-25  |w 2019-11-22  |y BK  |k EBA